Vplyv vybraných civilizačných chorôb na rozvoj pohybových schopností

Uložené v:
Podrobná bibliografia
Hlavný autor: Heriban, Roman, 1973-
Médium: Kapitola
Jazyk:Slovak
Predmet:
Tagy: Pridať tag
Žiadne tagy, Buďte prvý, kto otaguje tento záznam!

MARC

LEADER 00000naa$a2200000$$$4500
001 0306544
005 20251028112247.3
041 0 |a slo 
044 |a SK 
245 1 0 |a Vplyv vybraných civilizačných chorôb na rozvoj pohybových schopností  |c Roman Heriban 
500 |a Abstrakt 
610 2 0 |a šport 
610 2 0 |a Slovensko 
610 2 0 |a zdravie 
100 1 |a Heriban, Roman, 1973-